North American Birds by Picture - Statistics

General Stats
  • This quiz has been taken 147 times
  • The average score is 18 of 21
Answer Stats
Picture Answer % Correct
Bald Eagle
99%
Canada Goose
99%
Mallard
99%
Wild Turkey
99%
Brown Pelican
97%
Great Horned Owl
97%
Northern Cardinal
97%
Red-bellied Woodpecker
97%
Ruby-throated Hummingbird
97%
Blue Jay
96%
American Robin
92%
Black-capped Chickadee
81%
Osprey
80%
Common Loon
78%
American Goldfinch
75%
Belted Kingfisher
75%
Sandhill Crane
75%
Snowy Egret
75%
Carolina Wren
71%
White Ibis
69%
American Kestrel
68%
No matching quizzes found
Score Distribution
Percent of People with Each Score
Percentile by Number Answered
Your Score History
You have not taken this quiz